000 03254nam a22003977a 4500
003 DO-SdBNP
005 20230308115615.0
007 ta
008 230302b2007 dr ||||| |||| 00| 0 spa d
040 _aDO-SdBNP
_bspa
_cBNPHU
082 4 _a323.352
_bR426c, 2007
_222
110 1 _aRepública Dominicana.
_9447
240 1 0 _a[Leyes, etc.].
245 1 0 _aCódigo para el sistema de protección y los derechos fundamentales de niños, niñas y adolescentes, concordado con las normativas nacional e internacional & compendio de los principales instrumentos internacionales de derechos humanos relativos a la niñez y a la adolescencia /
_ccompiladores Mirta Duarte y Juan Sabino ; prólogo Víctor José Castellano Estrella ; coordinación y presentación Alejandro Moscoso Segarra ; colaboradores Milagro Pichardo y Sonne Beltré.
260 _aSanto Domingo :
_bComisionado de Apoyo a la Reforma y Modernización de la Justicia,
_c2007.
300 _axxxiii, 616 p. ;
_c28 cm.
504 _aBibliografía : p. 615-616
505 0 _aPresentación --
_rAlejandro Moscoso Segarra --
_gPrólogo /
_rVíctor José Castellano Estrella --
_tI.-Código para el sistema de protección y los derechos fundamentales de niños, niñas y adolescentes:
_tDefiniciones, sistema de protección y derechos fundamentales de niños, niñas y adolescentes --
_tDerecho de Familia --
_tDe la jurisdicción de niños, niñas y adolescentes --
_tConsejo Nacional para la Niñez y la Adolescencia (CONANI) y medidas de protección y restitución de derechos --
_tII.-Compendio de los principales instrumentos internacionales de derechos humanos relativos a la niñez y a la adolescencia:
_tSistema Interamericano de derechos humanos --
_tSistema de las Naciones Unidas --
_tCódigo de Derecho Internacional Privado (Código Bustamante) --
_tResoluciones de la Suprema Corte de Justicia --
_tProyecto de Ley que modificaría los artículos 174, 176, 178, 181, 187, 192, 194, 195, 197 y 198 de la ley 136-03, que atribuye competencia a los Juzgados de Paz para conocer asuntos de alimentos --
_tConstitución Política de la República Dominicana --
_tInstrumentos internacionales de Protección de los Derechos Humanos ratificados - firmados por la República Dominicana --
_gSiglas de referencia.
590 _aInventariado, 2023/BT
650 4 _aAdministración de justicia para menores
_xLegislación
_zRepública Dominicana
_917169
650 4 _aAsistencia pública
_xLegislación
_917170
650 4 _aDerecho de familia
_xLegislación
_zRepública Dominicana
_917171
650 4 _aTrabajo social con niños
_xLegislación
_917172
650 4 _aNiños
_xSituación legal
_95138
650 4 _aLeyes
_zRepública Dominicana
_93033
651 4 _aRepública Dominicana
_xLey 136-03
_917173
700 1 _aDuarte, Mirta,
_ecompiladora
_917174
700 1 _aSabino, Juan,
_ecompilador
_917175
700 1 _aCastellano Estrella, Víctor José,
_eprólogo
_917176
700 1 _aPichardo, Milagros,
_ecolaboradora
_917177
700 1 _aBeltré, Sonne,
_ecolaboradora
_917178
710 1 _aRepública Dominicana.
_bComisionado de Apoyo a la Reforma y Modernización de la Justicia
_917179
710 2 _aFondo de las Naciones Unidas para la Infancia
_99270
910 _aBtavárez
942 _2ddc
_cLBS1
999 _c53142
_d53142